[Event "April 9 Early 2024"]
[Site "Chess.com"]
[Date "2024.04.10"]
[Round "6"]
[White "Lesbekova, Assel"]
[Black "Garv Gaur"]
[Result "1/2-1/2"]
[Board "182"]
[WhiteFideId "13713248"]
[BlackFideId "45030839"]
[WhiteTitle "WCM"]
[BlackTitle "FM"]
[WhiteElo "2319"]
[BlackElo "2485"]
[WhiteTeam "KGZ"]
[BlackTeam "IND"]
[WhiteClock "0:00:04"]
[BlackClock "0:00:05"]
[Variant "Standard"]

1. e4 {[%clk 0:03:00]}  c6 {[%clk 0:02:57]} 2. d4 {[%clk 0:03:00]}  d5 {[%clk 0:02:58]} 3. e5 {[%clk 0:03:00]}  Bf5 {[%clk 0:02:54]} 4. Nd2 {[%clk 0:03:01]}  e6 {[%clk 0:02:52]} 5. Nb3 {[%clk 0:03:01]}  a6 {[%clk 0:02:52]} 6. Nf3 {[%clk 0:03:00]}  c5 {[%clk 0:02:52]} 7. dxc5 {[%clk 0:03:00]}  Bxc5 {[%clk 0:02:52]} 8. Nxc5 {[%clk 0:03:00]}  Qa5+ {[%clk 0:02:51]} 9. c3 {[%clk 0:03:01]}  Qxc5 {[%clk 0:02:52]} 10. Be3 {[%clk 0:03:01]}  Qc7 {[%clk 0:02:52]} 11. Bd3 {[%clk 0:02:55]}  Ne7 {[%clk 0:02:51]} 12. O-O {[%clk 0:02:53]}  O-O {[%clk 0:02:49]} 13. Re1 {[%clk 0:02:51]}  Nd7 {[%clk 0:02:48]} 14. Bd4 {[%clk 0:02:46]}  Rac8 {[%clk 0:02:41]} 15. Qe2 {[%clk 0:02:40]}  Nc5 {[%clk 0:02:31]} 16. Bxc5 {[%clk 0:02:35]}  Qxc5 {[%clk 0:02:30]} 17. Nd4 {[%clk 0:02:36]}  Bg6 {[%clk 0:02:28]} 18. h4 {[%clk 0:02:22]}  Bxd3 {[%clk 0:01:52]} 19. Qxd3 {[%clk 0:02:22]}  Nc6 {[%clk 0:01:52]} 20. Rad1 {[%clk 0:02:11]}  Nxd4 {[%clk 0:01:41]} 21. Qxd4 {[%clk 0:02:10]}  Qe7 {[%clk 0:01:40]} 22. b3 {[%clk 0:02:06]}  Rc7 {[%clk 0:01:37]} 23. Rd3 {[%clk 0:02:04]}  f5 {[%clk 0:01:32]} 24. exf6 {[%clk 0:01:58]}  Qxf6 {[%clk 0:01:32]} 25. Qxf6 {[%clk 0:01:55]}  Rxf6 {[%clk 0:01:33]} 26. Rde3 {[%clk 0:01:49]}  Kf7 {[%clk 0:01:33]} 27. g3 {[%clk 0:01:50]}  b5 {[%clk 0:01:17]} 28. Kf1 {[%clk 0:01:48]}  Ke7 {[%clk 0:01:15]} 29. Ke2 {[%clk 0:01:48]}  Kd6 {[%clk 0:01:15]} 30. f4 {[%clk 0:01:47]}  Kd7 {[%clk 0:01:07]} 31. Kd3 {[%clk 0:01:46]}  Rc6 {[%clk 0:01:08]} 32. Kd4 {[%clk 0:01:46]}  Rf8 {[%clk 0:01:07]} 33. h5 {[%clk 0:01:38]}  a5 {[%clk 0:01:05]} 34. Rh1 {[%clk 0:01:27]}  b4 {[%clk 0:01:02]} 35. Rc1 {[%clk 0:01:20]}  Rfc8 {[%clk 0:01:01]} 36. c4 {[%clk 0:01:18]}  Rc5 {[%clk 0:00:46]} 37. Re5 {[%clk 0:01:11]}  Kd6 {[%clk 0:00:43]} 38. Rce1 {[%clk 0:01:08]}  dxc4 {[%clk 0:00:16]} 39. Rxe6+ {[%clk 0:01:00]}  Kd7 {[%clk 0:00:16]} 40. Re7+ {[%clk 0:00:59]}  Kd8 {[%clk 0:00:14]} 41. Re8+ {[%clk 0:00:52]}  Kd7 {[%clk 0:00:14]} 42. Rxc8 {[%clk 0:00:47]}  Rxc8 {[%clk 0:00:14]} 43. bxc4 {[%clk 0:00:48]}  Rb8 {[%clk 0:00:12]} 44. Rb1 {[%clk 0:00:35]}  Kc6 {[%clk 0:00:11]} 45. g4 {[%clk 0:00:32]}  Rd8+ {[%clk 0:00:11]} 46. Ke5 {[%clk 0:00:24]}  Kc5 {[%clk 0:00:11]} 47. h6 {[%clk 0:00:19]}  Re8+ {[%clk 0:00:09]} 48. Kf5 {[%clk 0:00:19]}  gxh6 {[%clk 0:00:05]} 49. Kf6 {[%clk 0:00:19]}  Rf8+ {[%clk 0:00:05]} 50. Ke5 {[%clk 0:00:17]}  Rg8 {[%clk 0:00:05]} 51. f5 {[%clk 0:00:13]}  Rxg4 {[%clk 0:00:04]} 52. f6 {[%clk 0:00:14]}  Rg2 {[%clk 0:00:05]} 53. Rf1 {[%clk 0:00:12]}  Re2+ {[%clk 0:00:04]} 54. Kf5 {[%clk 0:00:11]}  Re8 {[%clk 0:00:04]} 55. f7 {[%clk 0:00:10]}  Rf8 {[%clk 0:00:04]} 56. Kf6 {[%clk 0:00:10]}  a4 {[%clk 0:00:04]} 57. Rc1 {[%clk 0:00:05]}  b3 {[%clk 0:00:04]} 58. axb3 {[%clk 0:00:05]}  axb3 {[%clk 0:00:05]} 59. Kg7 {[%clk 0:00:05]}  Rxf7+ {[%clk 0:00:03]} 60. Kxf7 {[%clk 0:00:06]}  h5 {[%clk 0:00:04]} 61. Kg7 {[%clk 0:00:05]}  h4 {[%clk 0:00:04]} 62. Kxh7 {[%clk 0:00:04]}  h3 {[%clk 0:00:04]} 63. Kh6 {[%clk 0:00:04]}  h2 {[%clk 0:00:05]} 64. Kh5 {[%clk 0:00:04]}  h1=Q+ {[%clk 0:00:02]} 65. Rxh1 {[%clk 0:00:04]}  Kxc4 {[%clk 0:00:03]} 66. Kg4 {[%clk 0:00:04]}  Kc3 {[%clk 0:00:03]} 67. Rc1+ {[%clk 0:00:04]}  Kd2 {[%clk 0:00:02]} 68. Rc8 {[%clk 0:00:04]}  b2 {[%clk 0:00:03]} 69. Rd8+ {[%clk 0:00:04]}  Kc2 {[%clk 0:00:04]} 70. Rc8+ {[%clk 0:00:03]}  Kd2 {[%clk 0:00:04]} 71. Rd8+ {[%clk 0:00:04]}  Kc2 {[%clk 0:00:05]} 72. Rc8+ {[%clk 0:00:04]}  Kd2 {[%clk 0:00:05]} 1/2-1/2

[Event "April 9 Early 2024"]
[Site "Chess.com"]
[Date "2024.04.09"]
[Round "6"]
[White "Bazilius, Augustinas"]
[Black "Rose, Felix"]
[Result "1-0"]
[Board "183"]
[WhiteFideId "12832251"]
[BlackFideId "5105722"]
[WhiteTitle "CM"]
[BlackTitle "CM"]
[WhiteElo "2481"]
[BlackElo "2319"]
[WhiteTeam "LTU"]
[BlackTeam "MEX"]
[WhiteClock "0:00:12"]
[BlackClock "0:00:18"]
[Variant "Standard"]

1. d4 {[%clk 0:02:57]}  d5 {[%clk 0:02:55]} 2. c4 {[%clk 0:02:56]}  e6 {[%clk 0:02:52]} 3. Nf3 {[%clk 0:02:56]}  Nf6 {[%clk 0:02:52]} 4. g3 {[%clk 0:02:57]}  Be7 {[%clk 0:02:52]} 5. Bg2 {[%clk 0:02:57]}  O-O {[%clk 0:02:53]} 6. O-O {[%clk 0:02:58]}  dxc4 {[%clk 0:02:53]} 7. Qa4 {[%clk 0:02:58]}  a6 {[%clk 0:02:46]} 8. Qxc4 {[%clk 0:02:57]}  b5 {[%clk 0:02:46]} 9. Qc2 {[%clk 0:02:57]}  Bb7 {[%clk 0:02:47]} 10. Bd2 {[%clk 0:02:58]}  Be4 {[%clk 0:02:45]} 11. Qc1 {[%clk 0:02:58]}  Nbd7 {[%clk 0:02:45]} 12. Ba5 {[%clk 0:02:56]}  Ra7 {[%clk 0:02:41]} 13. Nbd2 {[%clk 0:02:47]}  Bd5 {[%clk 0:02:38]} 14. b4 {[%clk 0:02:36]}  Qa8 {[%clk 0:02:35]} 15. Qc3 {[%clk 0:02:17]}  Rc8 {[%clk 0:02:08]} 16. a3 {[%clk 0:01:59]}  h6 {[%clk 0:02:07]} 17. Rac1 {[%clk 0:01:59]}  Ne4 {[%clk 0:01:50]} 18. Nxe4 {[%clk 0:01:55]}  Bxe4 {[%clk 0:01:51]} 19. Rfd1 {[%clk 0:01:31]}  Bf6 {[%clk 0:01:41]} 20. Ne1 {[%clk 0:01:25]}  Bxg2 {[%clk 0:01:39]} 21. Nxg2 {[%clk 0:01:26]}  c5 {[%clk 0:01:37]} 22. bxc5 {[%clk 0:01:10]}  Rxc5 {[%clk 0:01:24]} 23. Qxc5 {[%clk 0:01:01]}  Nxc5 {[%clk 0:01:25]} 24. dxc5 {[%clk 0:01:02]}  Be7 {[%clk 0:01:11]} 25. c6 {[%clk 0:00:55]}  Qc8 {[%clk 0:01:05]} 26. c7 {[%clk 0:00:48]}  Ra8 {[%clk 0:01:00]} 27. Rd8+ {[%clk 0:00:35]}  Bxd8 {[%clk 0:00:58]} 28. cxd8=Q+ {[%clk 0:00:35]}  Qxd8 {[%clk 0:00:59]} 29. Bxd8 {[%clk 0:00:36]}  Rxd8 {[%clk 0:00:59]} 30. Ne3 {[%clk 0:00:35]}  Rd2 {[%clk 0:00:58]} 31. Rc6 {[%clk 0:00:29]}  a5 {[%clk 0:00:57]} 32. Ra6 {[%clk 0:00:26]}  a4 {[%clk 0:00:54]} 33. Rb6 {[%clk 0:00:22]}  Ra2 {[%clk 0:00:50]} 34. Rxb5 {[%clk 0:00:22]}  Rxa3 {[%clk 0:00:49]} 35. Ra5 {[%clk 0:00:22]}  Ra1+ {[%clk 0:00:45]} 36. Kg2 {[%clk 0:00:23]}  a3 {[%clk 0:00:40]} 37. Kf3 {[%clk 0:00:16]}  g5 {[%clk 0:00:35]} 38. Nc2 {[%clk 0:00:15]}  Rh1 {[%clk 0:00:34]} 39. Nxa3 {[%clk 0:00:14]}  Rxh2 {[%clk 0:00:34]} 40. Nc2 {[%clk 0:00:10]}  g4+ {[%clk 0:00:32]} 41. Ke3 {[%clk 0:00:09]}  f5 {[%clk 0:00:31]} 42. Nd4 {[%clk 0:00:06]}  Kf7 {[%clk 0:00:32]} 43. Ra7+ {[%clk 0:00:06]}  Kf6 {[%clk 0:00:29]} 44. Ra6 {[%clk 0:00:06]}  f4+ {[%clk 0:00:28]} 45. gxf4 {[%clk 0:00:06]}  h5 {[%clk 0:00:25]} 46. Rxe6+ {[%clk 0:00:05]}  Kf7 {[%clk 0:00:25]} 47. Rh6 {[%clk 0:00:05]}  h4 {[%clk 0:00:25]} 48. Nf5 {[%clk 0:00:05]}  h3 {[%clk 0:00:25]} 49. f3 {[%clk 0:00:06]}  gxf3 {[%clk 0:00:22]} 50. Kxf3 {[%clk 0:00:06]}  Rh1 {[%clk 0:00:22]} 51. Ng3 {[%clk 0:00:07]}  Ra1 {[%clk 0:00:21]} 52. Rxh3 {[%clk 0:00:06]}  Ra3+ {[%clk 0:00:22]} 53. e3 {[%clk 0:00:07]}  Ra1 {[%clk 0:00:22]} 54. Rh5 {[%clk 0:00:08]}  Rf1+ {[%clk 0:00:22]} 55. Nxf1 {[%clk 0:00:07]}  Kg6 {[%clk 0:00:23]} 56. Rg5+ {[%clk 0:00:08]}  Kh6 {[%clk 0:00:23]} 57. Kg4 {[%clk 0:00:08]}  Kh7 {[%clk 0:00:23]} 58. e4 {[%clk 0:00:09]}  Kh6 {[%clk 0:00:24]} 59. e5 {[%clk 0:00:09]}  Kh7 {[%clk 0:00:24]} 60. e6 {[%clk 0:00:10]}  Kh6 {[%clk 0:00:24]} 61. e7 {[%clk 0:00:11]}  Kh7 {[%clk 0:00:18]} 62. e8=R {[%clk 0:00:12]} 1-0

[Event "April 9 Early 2024"]
[Site "Chess.com"]
[Date "2024.04.09"]
[Round "6"]
[White "Senft, Sean"]
[Black "Essing, Arnold"]
[Result "0-1"]
[Board "184"]
[WhiteFideId "2044960"]
[BlackFideId "4619862"]
[BlackTitle "FM"]
[WhiteElo "2477"]
[BlackElo "2319"]
[WhiteTeam "USA"]
[BlackTeam "GER"]
[WhiteClock "0:01:36"]
[BlackClock "0:01:46"]
[Variant "Standard"]

1. d4 {[%clk 0:02:58]}  d5 {[%clk 0:02:59]} 2. c4 {[%clk 0:02:58]}  e6 {[%clk 0:03:00]} 3. Nc3 {[%clk 0:02:56]}  c5 {[%clk 0:03:00]} 4. Nf3 {[%clk 0:02:55]}  Nc6 {[%clk 0:02:59]} 5. cxd5 {[%clk 0:02:56]}  exd5 {[%clk 0:03:00]} 6. g3 {[%clk 0:02:55]}  c4 {[%clk 0:03:00]} 7. Bg2 {[%clk 0:02:56]}  Bb4 {[%clk 0:03:00]} 8. O-O {[%clk 0:02:56]}  Nge7 {[%clk 0:03:01]} 9. Bg5 {[%clk 0:02:56]}  f6 {[%clk 0:03:01]} 10. Bf4 {[%clk 0:02:52]}  O-O {[%clk 0:03:01]} 11. e4 {[%clk 0:02:46]}  Be6 {[%clk 0:02:54]} 12. e5 {[%clk 0:02:41]}  Bf5 {[%clk 0:02:41]} 13. exf6 {[%clk 0:02:37]}  gxf6 {[%clk 0:02:41]} 14. Re1 {[%clk 0:02:32]}  Bd3 {[%clk 0:02:38]} 15. Bh6 {[%clk 0:02:27]}  Rf7 {[%clk 0:02:38]} 16. Bh3 {[%clk 0:02:27]}  Nf5 {[%clk 0:02:33]} 17. Bf4 {[%clk 0:02:24]}  Nfxd4 {[%clk 0:02:28]} 18. Nxd4 {[%clk 0:02:16]}  Nxd4 {[%clk 0:02:29]} 19. Be3 {[%clk 0:02:13]}  Nc2 {[%clk 0:02:21]} 20. Be6 {[%clk 0:02:07]}  Nxa1 {[%clk 0:02:16]} 21. Bxf7+ {[%clk 0:01:55]}  Kxf7 {[%clk 0:02:15]} 22. Qxa1 {[%clk 0:01:47]}  d4 {[%clk 0:02:15]} 23. a3 {[%clk 0:01:42]}  Bc5 {[%clk 0:01:59]} 24. Na4 {[%clk 0:01:40]}  dxe3 {[%clk 0:02:00]} 25. Nxc5 {[%clk 0:01:38]}  exf2+ {[%clk 0:02:00]} 26. Kxf2 {[%clk 0:01:37]}  Qd4+ {[%clk 0:02:00]} 27. Re3 {[%clk 0:01:37]}  Re8 {[%clk 0:01:46]} 28. b4 {[%clk 0:01:36]} 0-1

[Event "April 9 Early 2024"]
[Site "Chess.com"]
[Date "2024.04.09"]
[Round "6"]
[White "Miszler, Levente"]
[Black "Palacio,Igor Da Paz"]
[Result "0-1"]
[Board "185"]
[WhiteFideId "763276"]
[BlackFideId "2121140"]
[WhiteTitle "FM"]
[WhiteElo "2477"]
[BlackElo "2317"]
[WhiteTeam "HUN"]
[BlackTeam "BRA"]
[WhiteClock "0:01:49"]
[BlackClock "0:01:46"]
[Variant "Standard"]

1. c4 {[%clk 0:03:00]}  Nf6 {[%clk 0:02:58]} 2. Nc3 {[%clk 0:03:00]}  g6 {[%clk 0:02:58]} 3. e4 {[%clk 0:02:58]}  d6 {[%clk 0:02:58]} 4. d4 {[%clk 0:02:56]}  Bg7 {[%clk 0:02:58]} 5. Nf3 {[%clk 0:02:54]}  O-O {[%clk 0:02:58]} 6. Be2 {[%clk 0:02:55]}  e5 {[%clk 0:02:58]} 7. Be3 {[%clk 0:02:55]}  Nbd7 {[%clk 0:02:58]} 8. O-O {[%clk 0:02:55]}  Ng4 {[%clk 0:02:57]} 9. Bg5 {[%clk 0:02:51]}  f6 {[%clk 0:02:58]} 10. Bc1 {[%clk 0:02:49]}  Nh6 {[%clk 0:02:55]} 11. b3 {[%clk 0:02:45]}  Nf7 {[%clk 0:02:54]} 12. Bb2 {[%clk 0:02:45]}  Bh6 {[%clk 0:02:47]} 13. Qc2 {[%clk 0:02:43]}  Re8 {[%clk 0:02:47]} 14. Rad1 {[%clk 0:02:42]}  Qe7 {[%clk 0:02:43]} 15. Nd5 {[%clk 0:02:41]}  Qd8 {[%clk 0:02:43]} 16. dxe5 {[%clk 0:02:37]}  fxe5 {[%clk 0:02:37]} 17. Bc1 {[%clk 0:02:30]}  Bxc1 {[%clk 0:02:35]} 18. Qxc1 {[%clk 0:02:30]}  Kg7 {[%clk 0:02:30]} 19. b4 {[%clk 0:02:19]}  Nf6 {[%clk 0:02:23]} 20. c5 {[%clk 0:02:16]}  Nxd5 {[%clk 0:02:23]} 21. Rxd5 {[%clk 0:02:15]}  Be6 {[%clk 0:02:13]} 22. Rd2 {[%clk 0:02:13]}  Qe7 {[%clk 0:02:13]} 23. cxd6 {[%clk 0:02:13]}  cxd6 {[%clk 0:02:11]} 24. Rc2 {[%clk 0:02:10]}  Rac8 {[%clk 0:02:10]} 25. Rd1 {[%clk 0:02:08]}  Rxc2 {[%clk 0:02:09]} 26. Qxc2 {[%clk 0:02:09]}  Rc8 {[%clk 0:02:09]} 27. Qd2 {[%clk 0:02:09]}  a6 {[%clk 0:02:08]} 28. h4 {[%clk 0:02:02]}  h6 {[%clk 0:02:07]} 29. g3 {[%clk 0:01:58]}  Qc7 {[%clk 0:01:56]} 30. Ne1 {[%clk 0:01:53]}  Qc3 {[%clk 0:01:53]} 31. Qxc3 {[%clk 0:01:53]}  Rxc3 {[%clk 0:01:53]} 32. Rd2 {[%clk 0:01:52]}  Rc1 {[%clk 0:01:48]} 33. Kf1 {[%clk 0:01:49]}  Bh3+ {[%clk 0:01:46]} 0-1

[Event "April 9 Early 2024"]
[Site "Chess.com"]
[Date "2024.04.09"]
[Round "6"]
[White "Semenova, Alina"]
[Black "Parfenov, Viktor N."]
[Result "0-1"]
[Board "189"]
[WhiteFideId "24113875"]
[BlackFideId "4165969"]
[WhiteTitle "WFM"]
[BlackTitle "CM"]
[WhiteElo "2166"]
[BlackElo "2468"]
[WhiteTeam "RUS"]
[BlackTeam "RUS"]
[WhiteClock "0:00:00"]
[BlackClock "0:00:05"]
[Variant "Standard"]

1. e4 {[%clk 0:03:00]}  e5 {[%clk 0:02:59]} 2. Nf3 {[%clk 0:02:59]}  Nc6 {[%clk 0:02:59]} 3. d4 {[%clk 0:03:00]}  exd4 {[%clk 0:02:59]} 4. Nxd4 {[%clk 0:03:01]}  Nf6 {[%clk 0:03:00]} 5. Nxc6 {[%clk 0:03:01]}  bxc6 {[%clk 0:03:00]} 6. e5 {[%clk 0:03:01]}  Qe7 {[%clk 0:02:59]} 7. Qe2 {[%clk 0:03:01]}  Nd5 {[%clk 0:02:59]} 8. c4 {[%clk 0:03:02]}  Nb6 {[%clk 0:02:58]} 9. Nc3 {[%clk 0:02:58]}  Qe6 {[%clk 0:02:55]} 10. Bg5 {[%clk 0:02:48]}  Ba6 {[%clk 0:02:47]} 11. b3 {[%clk 0:02:47]}  Bb4 {[%clk 0:02:47]} 12. Bd2 {[%clk 0:02:46]}  d5 {[%clk 0:02:43]} 13. exd6 {[%clk 0:02:45]}  cxd6 {[%clk 0:02:35]} 14. a3 {[%clk 0:02:14]}  Bxc3 {[%clk 0:02:14]} 15. Bxc3 {[%clk 0:02:14]}  O-O {[%clk 0:02:14]} 16. Qxe6 {[%clk 0:02:11]}  fxe6 {[%clk 0:02:14]} 17. c5 {[%clk 0:02:05]}  Bxf1 {[%clk 0:02:13]} 18. Rxf1 {[%clk 0:02:06]}  Nd5 {[%clk 0:02:13]} 19. Bd2 {[%clk 0:01:47]}  Rab8 {[%clk 0:02:06]} 20. Rb1 {[%clk 0:01:40]}  dxc5 {[%clk 0:02:05]} 21. Ke2 {[%clk 0:01:41]}  Kf7 {[%clk 0:01:45]} 22. Rfc1 {[%clk 0:01:40]}  Ke7 {[%clk 0:01:40]} 23. Rxc5 {[%clk 0:01:38]}  Kd6 {[%clk 0:01:41]} 24. b4 {[%clk 0:01:36]}  Rb5 {[%clk 0:01:34]} 25. Rbc1 {[%clk 0:01:34]}  Rxc5 {[%clk 0:01:27]} 26. Rxc5 {[%clk 0:01:34]}  Rf7 {[%clk 0:01:07]} 27. f3 {[%clk 0:01:30]}  Rb7 {[%clk 0:01:01]} 28. Kd3 {[%clk 0:01:26]}  Rb5 {[%clk 0:01:00]} 29. Be3 {[%clk 0:00:47]}  a6 {[%clk 0:00:51]} 30. g4 {[%clk 0:00:30]}  g6 {[%clk 0:00:33]} 31. Bd4 {[%clk 0:00:18]}  e5 {[%clk 0:00:31]} 32. Bf2 {[%clk 0:00:15]}  Nf4+ {[%clk 0:00:26]} 33. Ke4 {[%clk 0:00:15]}  Ne6 {[%clk 0:00:26]} 34. Rc2 {[%clk 0:00:14]}  Ng5+ {[%clk 0:00:25]} 35. Ke3 {[%clk 0:00:11]}  Rd5 {[%clk 0:00:25]} 36. h4 {[%clk 0:00:11]}  Ne6 {[%clk 0:00:25]} 37. Ke4 {[%clk 0:00:08]}  Nf4 {[%clk 0:00:17]} 38. Be3 {[%clk 0:00:05]}  Ne6 {[%clk 0:00:15]} 39. h5 {[%clk 0:00:03]}  gxh5 {[%clk 0:00:12]} 40. gxh5 {[%clk 0:00:04]}  Rd1 {[%clk 0:00:09]} 41. Rd2+ {[%clk 0:00:03]}  Rxd2 {[%clk 0:00:09]} 42. Bxd2 {[%clk 0:00:04]}  Nd4 {[%clk 0:00:10]} 43. Bc3 {[%clk 0:00:02]}  Nc2 {[%clk 0:00:09]} 44. Bxe5+ {[%clk 0:00:02]}  Ke6 {[%clk 0:00:09]} 45. Bb2 {[%clk 0:00:03]}  Ne1 {[%clk 0:00:07]} 46. Ke3 {[%clk 0:00:01]}  Ng2+ {[%clk 0:00:07]} 47. Kf2 {[%clk 0:00:01]}  Nh4 {[%clk 0:00:07]} 48. Kg3 {[%clk 0:00:02]}  Nf5+ {[%clk 0:00:07]} 49. Kf4 {[%clk 0:00:03]}  Nd6 {[%clk 0:00:07]} 50. Kg5 {[%clk 0:00:00]}  Nf7+ {[%clk 0:00:05]} 0-1

[Event "April 9 Early 2024"]
[Site "Chess.com"]
[Date "2024.04.09"]
[Round "6"]
[White "Slovineanu, Viacheslav"]
[Black "Ebru Kaplan"]
[Result "1-0"]
[Board "192"]
[WhiteFideId "13900510"]
[BlackFideId "6315194"]
[WhiteTitle "IM"]
[BlackTitle "WCM"]
[WhiteElo "2465"]
[BlackElo "2083"]
[WhiteTeam "MDA"]
[BlackTeam "TUR"]
[WhiteClock "0:00:08"]
[BlackClock "0:00:00"]
[Variant "Standard"]

1. d4 {[%clk 0:02:57]}  d5 {[%clk 0:02:59]} 2. Nf3 {[%clk 0:02:57]}  Nf6 {[%clk 0:02:59]} 3. c4 {[%clk 0:02:58]}  c6 {[%clk 0:03:00]} 4. e3 {[%clk 0:02:58]}  g6 {[%clk 0:03:00]} 5. Nbd2 {[%clk 0:02:54]}  Bg7 {[%clk 0:03:00]} 6. b4 {[%clk 0:02:54]}  O-O {[%clk 0:02:56]} 7. a4 {[%clk 0:02:53]}  Nbd7 {[%clk 0:02:47]} 8. Bb2 {[%clk 0:02:46]}  Re8 {[%clk 0:02:28]} 9. Be2 {[%clk 0:02:35]}  dxc4 {[%clk 0:02:09]} 10. Nxc4 {[%clk 0:02:29]}  Nd5 {[%clk 0:02:09]} 11. Qb3 {[%clk 0:02:27]}  N7b6 {[%clk 0:01:35]} 12. O-O {[%clk 0:02:22]}  Be6 {[%clk 0:01:31]} 13. Ng5 {[%clk 0:02:18]}  Bd7 {[%clk 0:01:09]} 14. a5 {[%clk 0:01:18]}  Nxc4 {[%clk 0:01:02]} 15. Bxc4 {[%clk 0:01:17]}  e6 {[%clk 0:00:59]} 16. Ne4 {[%clk 0:01:08]}  Qe7 {[%clk 0:00:40]} 17. Ba3 {[%clk 0:00:58]}  b5 {[%clk 0:00:09]} 18. axb6 {[%clk 0:00:53]}  axb6 {[%clk 0:00:09]} 19. b5 {[%clk 0:00:51]}  Qh4 {[%clk 0:00:08]} 20. Nd6 {[%clk 0:00:39]}  Red8 {[%clk 0:00:09]} 21. g3 {[%clk 0:00:35]}  Qh3 {[%clk 0:00:08]} 22. Ne4 {[%clk 0:00:24]}  e5 {[%clk 0:00:02]} 23. Ng5 {[%clk 0:00:08]}  Qh5 {[%clk 0:00:00]} 24. h4 {[%clk 0:00:08]} 1-0

[Event "April 9 Early 2024"]
[Site "Chess.com"]
[Date "2024.04.09"]
[Round "6"]
[White "Mikhailova, Irina"]
[Black "Golubev, Mikhail"]
[Result "0-1"]
[Board "196"]
[WhiteFideId "4109040"]
[BlackFideId "14100983"]
[WhiteTitle "WGM"]
[BlackTitle "GM"]
[WhiteElo "2328"]
[BlackElo "2609"]
[WhiteTeam "RUS"]
[BlackTeam "UKR"]
[WhiteClock "0:00:00"]
[BlackClock "0:00:09"]
[Variant "Standard"]

1. d4 {[%clk 0:03:00]}  Nf6 {[%clk 0:02:59]} 2. Nf3 {[%clk 0:03:01]}  d6 {[%clk 0:02:59]} 3. c4 {[%clk 0:03:01]}  g6 {[%clk 0:02:59]} 4. Nc3 {[%clk 0:03:02]}  Bg7 {[%clk 0:03:00]} 5. e4 {[%clk 0:03:02]}  O-O {[%clk 0:03:00]} 6. Be2 {[%clk 0:03:03]}  h6 {[%clk 0:02:51]} 7. O-O {[%clk 0:02:59]}  e5 {[%clk 0:02:52]} 8. dxe5 {[%clk 0:02:40]}  dxe5 {[%clk 0:02:51]} 9. Qxd8 {[%clk 0:02:40]}  Rxd8 {[%clk 0:02:52]} 10. Nd5 {[%clk 0:02:40]}  Nxd5 {[%clk 0:02:40]} 11. cxd5 {[%clk 0:02:40]}  c6 {[%clk 0:02:37]} 12. Bc4 {[%clk 0:02:40]}  b5 {[%clk 0:02:27]} 13. Bb3 {[%clk 0:02:40]}  Bb7 {[%clk 0:02:16]} 14. dxc6 {[%clk 0:02:29]}  Bxc6 {[%clk 0:02:08]} 15. Re1 {[%clk 0:02:14]}  Na6 {[%clk 0:01:57]} 16. Bd2 {[%clk 0:02:14]}  Nc5 {[%clk 0:01:53]} 17. Ba5 {[%clk 0:02:14]}  Nxb3 {[%clk 0:01:45]} 18. axb3 {[%clk 0:01:57]}  Rd7 {[%clk 0:01:44]} 19. Rac1 {[%clk 0:01:45]}  Bb7 {[%clk 0:01:34]} 20. Bc3 {[%clk 0:01:06]}  f6 {[%clk 0:01:29]} 21. b4 {[%clk 0:01:03]}  Kf7 {[%clk 0:01:23]} 22. Nd2 {[%clk 0:00:56]}  Rc8 {[%clk 0:00:51]} 23. Nb3 {[%clk 0:00:51]}  Bf8 {[%clk 0:00:49]} 24. Na5 {[%clk 0:00:48]}  Ke6 {[%clk 0:00:41]} 25. f3 {[%clk 0:00:46]}  Rcc7 {[%clk 0:00:27]} 26. Kf2 {[%clk 0:00:36]}  Be7 {[%clk 0:00:25]} 27. Ke2 {[%clk 0:00:31]}  f5 {[%clk 0:00:18]} 28. Nxb7 {[%clk 0:00:26]}  Rxb7 {[%clk 0:00:17]} 29. Rcd1 {[%clk 0:00:26]}  Rxd1 {[%clk 0:00:13]} 30. Rxd1 {[%clk 0:00:26]}  Rc7 {[%clk 0:00:13]} 31. Rd3 {[%clk 0:00:23]}  fxe4 {[%clk 0:00:12]} 32. fxe4 {[%clk 0:00:23]}  Rc4 {[%clk 0:00:12]} 33. Kf3 {[%clk 0:00:07]}  Bxb4 {[%clk 0:00:11]} 34. h3 {[%clk 0:00:04]}  Bxc3 {[%clk 0:00:10]} 35. bxc3 {[%clk 0:00:04]}  a5 {[%clk 0:00:09]} 36. Ke3 {[%clk 0:00:05]}  b4 {[%clk 0:00:09]} 37. cxb4 {[%clk 0:00:05]}  Rxb4 {[%clk 0:00:08]} 38. Ra3 {[%clk 0:00:04]}  a4 {[%clk 0:00:09]} 39. Kd3 {[%clk 0:00:04]}  Kd6 {[%clk 0:00:09]} 40. Rc3 {[%clk 0:00:04]}  Rb3 {[%clk 0:00:08]} 41. Rxb3 {[%clk 0:00:01]}  axb3 {[%clk 0:00:09]} 42. Kc3 {[%clk 0:00:00]}  Kc5 {[%clk 0:00:09]} 0-1